A Rimamurány - Salgó - Tornáni Vasmű Részvény - Társaság
| Médium: | Seriál |
|---|---|
| Jazyk: | angličtina |
| Vydavateľské údaje: |
Salgó-Tarján
Friedler Ármim
|
MARC
| LEADER | 00000nas a2200000 a 4500 | ||
|---|---|---|---|
| 001 | vtls010266470 | ||
| 003 | SK-MaSNL | ||
| 005 | 20260221120126.0 | ||
| 008 | 110325c mr1 0 0eng d | ||
| 040 | |a SNK |b slo |c SNK | ||
| 245 | 0 | 0 | |a A Rimamurány - Salgó - Tornáni Vasmű Részvény - Társaság |
| 260 | |a Salgó-Tarján |b Friedler Ármim | ||
| 500 | |a Popis podľa: roč. ...; č. ...; rok ... | ||
| 910 | |a snk | ||
| 999 | |c 5583 |d 7513 | ||
| 952 | |0 0 |1 0 |4 0 |7 0 |8 5 |a SNK |b SNK |d 2011-03-25 |i snkF 598/76 |l 0 |o snkČSC 2268/1896 |p 17A0692373 |r 2026-02-21 19:56:49 |w 2026-02-21 |y PREZ | ||


